Datum a čas kvízu
35.5
Celkem bodů
Celkový počet nahraných bodů na tomto kvízu bez doplňovacích otázek.
1.
Pořadí na kvízu
Konečné umístění týmu na tomto kvízu.
Zaznamenané odpovědi
| # | Otázka | Odpověď | Body | Výsledky |
|---|---|---|---|---|
| 1. | Největší veřejně přístupnou sb... | 0 | ||
| 2. | Ve středu jmenoval německý pre... | 0 | ||
| 3. | Karlovarský filmový festival p... | 1 | ||
| 4. | Americký prezident Donald Trum... | 1 | ||
| 5. | Sezona silniční cyklistiky zač... | 0 | ||
| 6. | Stephen Hawking, jehož obdivuh... | 0 | ||
| 7. | V 70. letech se Hawking začal... | 0 | ||
| 8. | Hawking se během své vědecké d... | 1 | ||
| 9. | Jako student byl Stephen horli... | 0 | ||
| 10. | Která slavná skupina použila H... | 1 |